Simpsons Character Flashbacks/Forwards Quiz Stats

Quiz Updated Sep 22, 2016

Also try: The Simpsons A-Z
Challenge
Share
Tweet
Score 0/34 Timer 07:00
3 Plays Today
% Correct
Homer Simpson ('To Cur, With Love')
99.6%
Lisa Simpson ('Bart to the Future')
98.2%
Ned Flanders ('Hurricane Neddy')
96.9%
Milhouse Van Houten ('Future-Drama')
92%
Krusty the Clown ('Like Father, Like Clown')
90.4%
Charles Montgomery Burns ('Rosebud')
90.3%
Moe Szyslak ('Springfield Up')
88.7%
Principal Skinner ('The Principal and the Pauper')
88.7%
Apu Nahasapeemapetilon ('Holidays of Future Passed')
87.3%
Comic Book Guy ('Springfield Up')
86.3%
Ralph Wiggum ('Lisa the Simpson')
84.2%
Maggie Simpson ('Lisa's Wedding')
84.2%
Bart Simpson ('A Totally Fun Thing Bart Will Never Do Again')
83.9%
Chief Wiggum ('Springfield Up')
82.5%
Marge Simpson (nee Bouvier) ('The Way We Weren't')
81.8%
Carl Carlson ('Take My Life, Please')
80.5%
Waylon Smithers ('The Blunder Years')
80.4%
% Correct
Kent Brockman ('Springfield Up')
73%
Mrs. Krabappel ('The Seemingly Never-Ending Story')
71.6%
Rod & Todd Flanders ('Bart to the Future')
69%
Lenny Leonard ('That '90s Show')
68.6%
Professor Frink ('Springfield Up')
67.6%
Martin Prince ('Days of Future Future')
67.6%
Dr. Hibbert ('I Married Marge')
62.2%
Kirk Van Houten ('That '90s Show')
58.5%
Jimbo Jones ('Lisa's Sax')
53.3%
Sherri & Terri Mackleberry ('Future-Drama')
51.3%
Grampa (Abe) Simpson ('Thursdays with Abie')
46.9%
Jasper Beardly ('Marge and Homer Turn a Couple Play')
46.4%
Officer Lou ('To Cur, with Love')
45.4%
Cookie Kwan ('The Way We Weren't')
28.2%
Disco Stu (nope that's NOT the Sea Captain) ('Springfield Up')
26.7%
Baby Gerald ('Barthood')
21.3%
Crazy Cat Lady ('Springfield Up')
10.9%

You're not logged in!

Compare scores with friends on all Sporcle quizzes.
Sign Up with Email
OR
Log In

You Might Also Like...

Show Comments

Extras

Top Quizzes Today


Score Distribution

Your Account Isn't Verified!

In order to create a playlist on Sporcle, you need to verify the email address you used during registration. Go to your Sporcle Settings to finish the process.